00471nam a22001572 4500001001100000005001700011008004100028040001500069100002800084245010300112250001300215260003200228300001800260651003200278852000300310000001220520151217155851.0090216s xx 000 0 eng d aKABUcKABU1 aGray, John.@000006755714aThe British in Mombasa 1824-1826 :bbeing history of Captain Owen's Protectorate /cSir John Gray. a1st ed. aLondon :bMacmillan,c1957. aviii, 216 p. 0aKenyaxHistory.@00001487271